000 01125cab a2200205 4500
001 X3575
008 090401t1996 xxu||||| |||| 00| 0 eng d
035 _a(Sirsi) u31239
041 _aeng
245 _aCongleton BC v Talke Chemical Company Ltd
260 _c1996
350 _a0
490 _aPlanning Appeal Decisions
_v1996 11 PAD 420-424(5)
520 _aAppeal against Council`s refusal to grant planning permission for erection of portal framed building to provide workshop/store. At the hearing it wass established that proposal also included re-location of existing unauthorised jack-leg portacabin. The formation of a new access. servicee road and lorry turning bay, plus provision of eight car parking spaces and re-location of four tanks to form group of six tanks. Inspector`s approachh was to ascertain relevant planning policies and effect of proposals on general character of area and residential environment of nearby bungalows. (ABSTRACT FROM JOURNAL)
650 _aPLANNING APPLICATIONS
650 _aWORKSHOP
690 _aPLANNING LAW AND PRACTICE-CASE LAW
942 _n0
948 _c04/03/1997
999 _c20984
_d20984